000 03203nam a22002777a 4500
003 URS
005 20240416181812.0
008 240401b |||||||| |||| 00| 0 eng d
050 0 0 _aLG221.R59 B182
_b2015
100 1 _aBalane, Gary S.
_eResearcher
245 1 0 _aFeasibility study establishing sumanella in Montalban Town Center, Rodriguez Rizal/
_cGary S. Balane, Hanilyn L. Gomez, [and] Noime Grace P. Pahilanga
264 1 _c2015
300 _axii, 115 leaves
_billustrations
_c28 cm
336 _2text
_ardacontent
337 _2rdamedia
_aunmediated
338 _2rdacarrier
_avolume
502 _aundergraduate thesis
_bBachelor of Science in Business Administration major in Marketing Management
_cUniversity of Rizal System, Rodriguez, Rizal
_d2015
520 _aPhilippine cuisine had its simple and humble beginnings in the distant past. Long, long before the Spaniards reached our shores in search of spices and new lands to conquer, our people had already established contact with foreigners. The Malaysians, Indonesians, Arabians, Indians and Chinese used to come to our shores to barter their goods and products with our own produce. This was the precursor to our present foreign trade. (Philippine Fiesta Recipe, Leonardo R. Belmonte) A. Name of the Project The business will be known as "Sumanella" which comes from combining SUMAN and PAELLA Sumanis made up of sticky rice or made up of cassava and appearance of it is just plain wrapped with the leaves of banana. It is a traditional FILIPINO KAKANIN, because of its good taste that everyone can't resist to eat while paella is a Spanish dish of rice, meat, seafood's, vegetables and spices. It is originated in its modern form in the mid-century near Lake Albufera, a lagoon in Valencia on the east cost of Spain. Spaniards view it as one of their country's national dishes. B. Type of Business Organization The proponents agreed to form a PARTNERSHIP A PARTNERSHIP is a type of business organization in which two or more individual's pool money, skills, and other resources, and share profit and loss in accordance with terms of partnership agreement. A partnership is assumed to exit where the participants I an enterprise agree to share the associated risks and reward proportionately Each partner shares directly in the organizations profits and shares control of the business operation C. Location of the Project The Proponents agreed that business will be established in Montalban Town Center (MTC), Rodriguez Rizal. The Proponents decided to bring the products in malls because in the first place there is no such kind of native delicacy that established there. Therefore, the business is the first establishment in MTC and it is best location for the business, especially there is a tourist spot "avilon zoo 3.6 kilometers away from MTC. The tourists are one of the target buyer or customer.
650 _2sumanella
700 _aBalane, Gary S.
_eResearcher
700 _aGomez, Hanilyn L.
_eResearcher
700 _aPahilanga, Noime Grace P.
_eResearcher
700 _aMercado, Jennelyn G.
_eMentor
856 _3Online Request for Student Unpublished Works
_uhttps://forms.gle/7LqvGGkaDrUQqz429
942 _2lcc
_cT
999 _c78027
_d78026